[Event "PNWCC Online Masters"]
[Site "Chess.com INT"]
[Date "2020.05.24"]
[Round "4.39"]
[White "Levine, Owen"]
[Black "Hoesley, Aria"]
[Result "0-1"]
[WhiteElo "1574"]
[BlackElo "1885"]
[PlyCount "116"]
[EventDate "2020.05.23"]
[EventType "swiss (rapid)"]
[EventRounds "9"]
[EventCountry "USA"]
[SourceTitle "CBM 196 Extra"]
[Source "ChessBase"]
[SourceDate "2020.07.31"]
[SourceVersion "1"]
[SourceVersionDate "2020.07.31"]
[SourceQuality "1"]

1. e4 g6 2. d4 Bg7 3. Nc3 d6 4. f4 Nc6 5. Nf3 Bg4 6. d5 Nd4 7. Be2 Bxf3 8. Bxf3 c5 9. 0-0 Nf6 10. Be3 Nd7 11. Qd2 Nb6 12. Be2 0-0 13. Nd1 Nxe2+ 14. Qxe2 Qd7 15. g4 e6 16. c4 exd5 17. cxd5 Rae8 18. Qg2 Qe7 19. f5 Nc4 20. fxg6 fxg6 21. Rxf8+ Bxf8 22. h3 Nxe3 23. Nxe3 Qxe4 24. Qxe4 Rxe4 25. Kf2 Bh6 26. Nc2 Kf7 27. Rd1 b5 28. b3 Bg5 29. Kf3 Re5 30. Rd3 Ke7 31. Na3 a6 32. Kf2 Bh4+ 33. Kf3 Re1 34. Rd2 Bg5 35. Re2+ Rxe2 36. Kxe2 Kf6 37. Nc2 Ke5 38. b4 Kxd5 39. bxc5 dxc5 40. Kd3 c4+ 41. Kc3 a5 42. a3 Kc5 43. Kb2 b4 44. axb4+ axb4 45. Na1 Bf6+ 46. Kb1 b3 47. h4 Bxh4 48. Kc1 Bg5+ 49. Kb1 Bf6 50. Nxb3+ cxb3 51. g5 Bxg5 52. Kb2 Kb4 53. Ka1 h5 54. Kb2 h4 55. Ka1 Kc3 56. Kb1 h3 57. Ka1 h2 58. Kb1 h1Q# 0-1